Marketing./ (Registro nro. 9173)

Detalles MARC
000 -LEADER
fixed length control field 01826nam a2200217Ia 4500
005 - FECHA Y HORA DE LA ÚLTIMA TRANSACCIÓN
control field 20250611144127.0
008 - FIXED-LENGTH DATA ELEMENTS--GENERAL INFORMATION
fixed length control field 230903s9999 xx 000 0 und d
020 ## - INTERNATIONAL STANDARD BOOK NUMBER
International Standard Book Number 978-607-481-519-1
040 ## - CATALOGING SOURCE
Original cataloging agency UPAN
Transcribing agency Biblioteca San Vicente
Description conventions RCAA2
041 ## - LANGUAGE CODE
Language code of text/sound track or separate title spa
082 ## - DEWEY DECIMAL CLASSIFICATION NUMBER
Classification number 658.8
Item number L368m
año de publicación 2011
100 ## - MAIN ENTRY--PERSONAL NAME
Personal name Lamb, Charles W.
Relator code aut.
245 #0 - TITLE STATEMENT
Title Marketing./
Statement of responsibility, etc Charles W. Lamb
260 ## - PUBLICATION, DISTRIBUTION, ETC. (IMPRINT)
Place of publication, distribution, etc México:
Name of publisher, distributor, etc Cengage Learning,
Date of publication, distribution, etc 2011
300 ## - PHYSICAL DESCRIPTION
Extent 777 p.;
Dimensions 27 cm.
505 ## - FORMATTED CONTENTS NOTE
Formatted contents note Parte 1. El mundo del marketing.<br/>1. Una visión general del marketing.<br/>2. Planeación estratégica para la ventaja competitiva.<br/>3. Ética y responsabilidad social.<br/>4. El entorno del marketing.<br/>5. Desarrollo de una visión global.<br/>Parte 2. Análisis de las oportunidades del marketing.<br/>6. Toma de decisiones del consumidor.<br/>7. Marketing de negocios.<br/>8. Segmentación y establecimiento de mercados meta.<br/>9. Sistemas de apoyo a las decisiones e investigación de mercados.<br/>Parte 3. Decisiones de producto.<br/>10. Conceptos de productos.<br/>11. Desarrollo y administración de productos.<br/>12. Marketing de servicios y de organizaciones sin fines de lucro.<br/>Parte 4. Decisiones de distribución.<br/>13. Canales de marketing.<br/>14. Administración de la cadena de suministro.<br/>15. Ventas al detalle.<br/>Parte 5. Estrategias de promoción y comunicación.<br/>16. Planeación de la promoción para una ventaja competitiva.<br/>17. Publicidad y relaciones públicas.<br/>18. Promoción de ventas y venta personal.<br/>Parte 6. Decisiones sobre fijación de precios.<br/>19. Conceptos de fijación de precios.<br/>20. Establecer el precio correcto.<br/>Parte 7. Marketing orientado a la tecnología.<br/>21. Administracion de las relaciones con el cliente (CRM).
650 ## - SUBJECT ADDED ENTRY--TOPICAL TERM
Source of heading or term LEMB
General subdivision Mercadeo
700 ## - ADDED ENTRY--PERSONAL NAME
Personal name F. Hair, Joseph
Relator code aut.
700 ## - ADDED ENTRY--PERSONAL NAME
Personal name Carl, McDaniel
Relator code aut.
942 ## - ADDED ENTRY ELEMENTS (KOHA)
Koha item type Libros
Source of classification or shelving scheme Dewey Decimal Classification
Existencias
Withdrawn status Lost status Source of classification or shelving scheme Damaged status Not for loan Collection code Home library Current library Date acquired Total Checkouts Full call number Barcode Date last seen Copy number Price effective from Koha item type
    Dewey Decimal Classification     Colección General Biblioteca UPAN San Vicente Biblioteca UPAN San Vicente 03/09/2023   658.8 L368m 12002878 03/09/2023 01 03/09/2023 Libros
    Dewey Decimal Classification     Colección General Biblioteca UPAN San Vicente Biblioteca UPAN San Vicente 06/09/2023   658.8 L368m 12002879 06/09/2023 02 06/09/2023 Libros
    Dewey Decimal Classification     Colección General Biblioteca UPAN San Vicente Biblioteca UPAN San Vicente 06/09/2023   658.8 L368m 12002880 06/09/2023 03 06/09/2023 Libros